Catálogo público

Análisis de la pobreza y desigualdad de ingresos en las zonas Noreste, Centro-Sur y Sureste de México, 2010-2016 / (Record no. 218916)

MARC details
000 -CABECERA
campo de control de longitud fija 02670nam a2200301 a 4500
003 - IDENTIFICADOR DEL NÚMERO DE CONTROL
campo de control OSt
005 - FECHA Y HORA DE LA ÚLTIMA TRANSACCIÓN
campo de control 20240905142953.0
007 - CAMPO FIJO DE DESCRIPCIÓN FÍSICA--INFORMACIÓN GENERAL
campo de control de longitud fija cr ||||||a|c|a
008 - DATOS DE LONGITUD FIJA--INFORMACIÓN GENERAL
campo de control de longitud fija 230606s2019 mx a|||fom||| 001 0 spa d
040 ## - FUENTE DE LA CATALOGACIÓN
Normas de descripción rda
100 1# - ENTRADA PRINCIPAL--NOMBRE DE PERSONA
9 (RLIN) 130886
Nombre de persona Fernández González, Iván
245 10 - MENCIÓN DE TÍTULO
Título Análisis de la pobreza y desigualdad de ingresos en las zonas Noreste, Centro-Sur y Sureste de México, 2010-2016 /
Mención de responsabilidad, etc. por Iván Fernández González; director de tesis Francisco Pérez Soto.
264 #1 - PRODUCCIÓN, PUBLICACIÓN, DISTRIBUCIÓN, FABRICACIÓN Y COPYRIGHT
Producción, publicación, distribución, fabricación y copyright Chapingo, México :
Nombre del de productor, editor, distribuidor, fabricante El autor,
Fecha de producción, publicación, distribución, fabricación o copyright 2019.
300 ## - DESCRIPCIÓN FÍSICA
Extensión 1 recurso en línea ( 82 páginas):
Otras características físicas cuadros, gráficas.
336 ## - TIPO DE CONTENIDO
Fuente rdacontent
Término de tipo de contenido texto
Código de tipo de contenido txt
337 ## - TIPO DE MEDIO
Fuente rdamedia
Nombre/término del tipo de medio computadora
Código del tipo de medio c
338 ## - TIPO DE SOPORTE
Fuente rdacarrier
Nombre/término del tipo de soporte recurso en línea
Código del tipo de soporte cr
502 ## - NOTA DE TESIS
Tipo de título Maestría en Ciencias en Economía Agrícola y de los Recursos Naturales
Nombre de la institución que otorga el título División de Ciencias Económico Administrativas,
Año de obtención del título 2019.
Información miscelánea Maestría
504 ## - NOTA DE BIBLIOGRAFÍA, ETC.
Nota de bibliografía, etc. Incluye referencias bibliográficas: páginas 75-82.
520 ## - SUMARIO, ETC.
Sumario, etc. En esta investigación se identificó el ingreso corriente mínimo, promedio y máximo de las familias, los índices de Gini, las curvas de Lorenz y los deciles de ingreso, así como el índice Foster Greer Thorbecke (FGT) para las zonas Noreste, Centro-Sur y Sureste de México para los años 2010 y 2016, de acuerdo a la Encuesta Nacional de Ingresos y Gastos de los Hogares. El ingreso corriente mensual mínimo más bajo le corresponde a la zona Sureste en el 2010 y 2016 con $100.82 y $458.69, el ingreso corriente mensual máximo más alto le corresponde al Sureste en el 2010 y al Noreste en el 2016 con $323,800.28 y $11,941,371.00 respectivamente. El índice FGT para la población rural más alta en el año 2010 le corresponde al Sureste con 45.7%, y en el año 2016 con 43.33%, para la población urbana en el 2010 el índice FGT más alto le corresponde al Sureste con 24.37% y en el 2016 con 27.91%. El índice de Gini más alto en el 2010 le corresponde a la zona Sureste con 0.4848 y en el 2016 le corresponde a la zona Noreste con 0.5200, lo que indica que existe desigualdad en estas zonas. Esta situación se entiende mejor al observar el decil diez que en el 2010 concentra 36.0% y un 44.19% del ingreso para las zonas mencionadas, y un 44.19% y 33.92% para el 2016, estos valores son tan diferentes en comparación con el primer decil que concentra entre 1.70% y 1.86% del ingreso
650 #0 - PUNTO DE ACCESO ADICIONAL DE MATERIA--TÉRMINO DE MATERIA
9 (RLIN) 144691
Término de materia o nombre geográfico como elemento de entrada México
Subdivisión general Condiciones económicas
650 #4 - PUNTO DE ACCESO ADICIONAL DE MATERIA--TÉRMINO DE MATERIA
9 (RLIN) 58408
Término de materia o nombre geográfico como elemento de entrada Ingresos
Subdivisión geográfica México
650 #7 - PUNTO DE ACCESO ADICIONAL DE MATERIA--TÉRMINO DE MATERIA
9 (RLIN) 101283
Término de materia o nombre geográfico como elemento de entrada Salarios mínimos
Subdivisión general México
650 #4 - PUNTO DE ACCESO ADICIONAL DE MATERIA--TÉRMINO DE MATERIA
9 (RLIN) 28549
Término de materia o nombre geográfico como elemento de entrada Costos y nivel de vida
Subdivisión geográfica México
700 1# - PUNTO DE ACCESO ADICIONAL--NOMBRE DE PERSONA
9 (RLIN) 90046
Nombre de persona Pérez Soto, Francisco
Término indicativo de función/relación Director de tesis.
856 ## - LOCALIZACIÓN Y ACCESO ELECTRÓNICOS
Identificador Uniforme del Recurso http://10.13.5.2/tesis/tm/Fernandez_Gonzales_Ivan.pdf
Nota pública DESCARGAR PDF
942 ## - ELEMENTOS DE PUNTO DE ACCESO ADICIONAL (KOHA)
Fuente del sistema de clasificación o colocación Clasificación Universidad Autónoma Chapingo
Tipo de ítem Koha Tesis digital
Holdings
Estado de retiro Estado de pérdida Fuente del sistema de clasificación o colocación Estado dañado Restricciones de uso No para préstamo Código de colección Localización permanente Ubicación/localización actual Ubicación en estantería Fecha de adquisición Total de préstamos Signatura topográfica completa Fecha visto por última vez Precio válido a partir de Tipo de ítem Koha
    Clasificación Universidad Autónoma de Chapingo   Préstamo interno   Tesis digitales de Maestría Biblioteca Digital Biblioteca Digital En línea 06/06/2023   Tesis digital 06/06/2023 06/06/2023 Tesis digital